[Event "HUN-chT2 Asztalos 1617"]
[Site "Hungary"]
[Date "2016.12.11"]
[Round "6.10"]
[White "Biro, Tamas"]
[Black "Kresz, Tamas"]
[Result "1-0"]
[WhiteElo "1849"]
[BlackElo "1583"]
[PlyCount "127"]
[EventDate "2016.09.25"]
[EventType "team-tourn"]
[EventRounds "11"]
[EventCountry "HUN"]
[SourceTitle "EXT 2021"]
[Source "ChessBase"]
[SourceDate "2020.10.23"]
[SourceVersion "1"]
[SourceVersionDate "2020.10.23"]
[SourceQuality "1"]
[WhiteTeam "Kaposvar Bastya"]
[BlackTeam "Szentlorinc"]
[WhiteTeamCountry "HUN"]
[BlackTeamCountry "HUN"]

1. e4 e6 2. Nc3 d5 3. exd5 exd5 4. d4 Bb4 5. Bb5+ Bd7 6. Bd3 Nf6 7. Nge2 0-0 8. 0-0 Bg4 9. f3 Be6 10. Bg5 Nc6 11. f4 h6 12. Bh4 Bg4 13. h3 Bxe2 14. Nxe2 Be7 15. c3 Nh5 16. Be1 Bd6 17. Qb3 Qe7 18. Rf3 Rab8 19. Qxd5 Nxf4 20. Nxf4 Bxf4 21. Qf5 Be3+ 22. Kh2 g6 23. Qd5 Qg5 24. Qc4 Bf4+ 25. Bg3 Bd6 26. Bxd6 cxd6 27. Rg3 d5 28. Qb3 Qd8 29. Rf1 Qd6 30. Qd1 Kh8 31. Qg4 h5 32. Qg5 Ne7 33. Kg1 Ng8 34. Rgf3 Qe6 35. Bxg6 fxg6 36. Rxf8 Rxf8 37. Rxf8 Qe1+ 38. Kh2 Kg7 39. Rb8 Qe7 40. Qxe7+ Nxe7 41. Rxb7 Kf6 42. Rxa7 Nc8 43. Rc7 Nd6 44. Rc6 Ke7 45. g4 h4 46. Kg2 g5 47. Kf3 Kd7 48. Rxd6+ Kxd6 49. Ke3 Kc6 50. a4 Kb6 51. b4 Kb7 52. Kd3 Kb6 53. c4 dxc4+ 54. Kxc4 Kc6 55. a5 Kb7 56. b5 Kc7 57. Kd5 Kb7 58. Kd6 Kc8 59. a6 Kb8 60. b6 Ka8 61. d5 Kb8 62. Kc6 Ka8 63. d6 Kb8 64. d7 1-0

[Event "HUN-chT2 Asztalos 1617"]
[Site "Hungary"]
[Date "2016.11.27"]
[Round "5.8"]
[White "Majnay, Peter"]
[Black "Biro, Tamas"]
[Result "1/2-1/2"]
[WhiteElo "1824"]
[BlackElo "1849"]
[PlyCount "23"]
[EventDate "2016.09.25"]
[EventType "team-tourn"]
[EventRounds "11"]
[EventCountry "HUN"]
[SourceTitle "EXT 2021"]
[Source "ChessBase"]
[SourceDate "2020.10.23"]
[SourceVersion "1"]
[SourceVersionDate "2020.10.23"]
[SourceQuality "1"]
[WhiteTeam "Decs 1990 II"]
[BlackTeam "Kaposvar Bastya"]
[WhiteTeamCountry "HUN"]
[BlackTeamCountry "HUN"]

1. e4 e5 2. Nf3 Nc6 3. Bb5 Bc5 4. 0-0 Nge7 5. c3 0-0 6. d4 exd4 7. cxd4 Bb6 8. d5 Nb8 9. Nc3 d6 10. h3 a6 11. Bc4 Ng6 12. Re1 1/2-1/2

[Event "HUN-chT2 Asztalos 1516"]
[Site "Hungary"]
[Date "2015.10.04"]
[Round "2.6"]
[White "Javor, Sandor"]
[Black "Biro, Tamas"]
[Result "1-0"]
[WhiteElo "2185"]
[BlackElo "1865"]
[PlyCount "83"]
[EventDate "2015.09.13"]
[EventType "team-tourn"]
[EventRounds "11"]
[EventCountry "HUN"]
[SourceTitle "CBM 170 Extra"]
[Source "ChessBase"]
[SourceDate "2016.02.25"]
[SourceVersion "1"]
[SourceVersionDate "2016.02.25"]
[SourceQuality "1"]
[WhiteTeam "Baja Spartacus"]
[BlackTeam "Kaposvar Bastya"]
[WhiteTeamCountry "HUN"]
[BlackTeamCountry "HUN"]

1. e4 e5 2. f4 Bc5 3. Nf3 d6 4. Bc4 Bg4 5. fxe5 dxe5 6. Bxf7+ Kf8 7. Bb3 Nc6 8. c3 Nge7 9. h3 Bh5 10. g4 Bg6 11. Qe2 h6 12. Qc4 Qd6 13. Nh4 Na5 14. Nxg6+ Qxg6 15. Rf1+ Ke8 16. Qxc5 Nxb3 17. axb3 h5 18. Qxe5 hxg4 19. hxg4 Qxg4 20. Qf4 Qe6 21. b4 Ng6 22. Qf5 Qd6 23. Qf7+ Kd8 24. Qd5 Qxd5 25. exd5 Re8+ 26. Kd1 Ne7 27. c4 g5 28. d3 Rg8 29. b3 g4 30. Ra2 Kd7 31. Rg2 Rg6 32. Nc3 c6 33. Rf7 Ke8 34. Rh7 Rd8 35. Rh8+ Ng8 36. Bf4 cxd5 37. Nxd5 Kf7 38. Be5 b5 39. Kd2 Ke6 40. Nf4+ Kxe5 41. Nxg6+ Kf5 42. Rxg8 1-0

[Event "HUN-chT2 Asztalos 0809"]
[Site "Hungary"]
[Date "2009.02.22"]
[Round "8"]
[White "Drinoczi, Peter"]
[Black "Biro, Tamas"]
[Result "1-0"]
[WhiteElo "2080"]
[BlackElo "1898"]
[PlyCount "96"]
[EventDate "2008.10.26"]
[EventType "team-tourn"]
[EventRounds "11"]
[EventCountry "HUN"]
[SourceTitle "EXT 2010"]
[Source "ChessBase"]
[SourceDate "2010.11.25"]
[SourceVersion "1"]
[SourceVersionDate "2010.11.25"]
[SourceQuality "1"]
[WhiteTeam "Pannonpower II"]
[BlackTeam "Tamasi Szabadido"]
[WhiteTeamCountry "HUN"]
[BlackTeamCountry "HUN"]

1. e4 e5 2. Nf3 Nc6 3. d4 exd4 4. Nxd4 Qf6 5. Be3 Bc5 6. c3 Nge7 7. Bc4 Ne5 8. Be2 Qg6 9. 0-0 0-0 10. Nd2 d5 11. Bh5 Qa6 12. Nf5 Nxf5 13. Bxc5 Nd6 14. Be2 Qc6 15. Bd4 Ng6 16. e5 Nf5 17. f4 Nxd4 18. cxd4 Bf5 19. Rc1 Qb6 20. Nb3 a5 21. Qd2 f6 22. g4 Be4 23. Nc5 fxe5 24. Nd7 Qxd4+ 25. Qxd4 exd4 26. Nxf8 Rxf8 27. f5 Ne5 28. Rxc7 d3 29. Bd1 b5 30. Rc5 d2 31. h3 a4 32. Rxb5 g6 33. f6 Nf3+ 34. Rxf3 Bxf3 35. Bxf3 Rxf6 36. Bd1 Re6 37. Bxa4 Re1+ 38. Kf2 d1Q 39. Bxd1 Rxd1 40. a4 Kf7 41. a5 Ke6 42. b4 Ke5 43. a6 Ke4 44. a7 Rd2+ 45. Ke1 Ke3 46. a8Q Re2+ 47. Kd1 Rd2+ 48. Kc1 Rc2+ 1-0

[Event "HUN-chT2 Asztalos 0809"]
[Site "Hungary"]
[Date "2009.01.25"]
[Round "6"]
[White "Nemeth, Miklos"]
[Black "Biro, Tamas"]
[Result "1-0"]
[WhiteElo "2479"]
[BlackElo "1898"]
[PlyCount "131"]
[EventDate "2008.10.26"]
[EventType "team-tourn"]
[EventRounds "11"]
[EventCountry "HUN"]
[SourceTitle "EXT 2010"]
[Source "ChessBase"]
[SourceDate "2010.11.25"]
[SourceVersion "1"]
[SourceVersionDate "2010.11.25"]
[SourceQuality "1"]
[WhiteTeam "Dunaujvaros"]
[BlackTeam "Tamasi Szabadido"]
[WhiteTeamCountry "HUN"]
[BlackTeamCountry "HUN"]

1. e4 e5 2. d4 exd4 3. Nf3 Nc6 4. Bc4 Bb4+ 5. c3 dxc3 6. Nxc3 Bxc3+ 7. bxc3 Qf6 8. 0-0 d6 9. e5 Nxe5 10. Re1 Ne7 11. Bg5 Nxf3+ 12. Qxf3 Qxg5 13. Qxf7+ Kd8 14. Re3 Qf6 15. Qh5 Rf8 16. Rf3 Bf5 17. g4 g6 18. Qh6 Kd7 19. gxf5 gxf5 20. Qe3 f4 21. Qd2 Ng6 22. Rh3 Ne5 23. Bd5 Qf5 24. Bg2 Qxh3 25. Bxh3+ Kc6 26. Qe2 Rae8 27. c4 b5 28. Rb1 Nxc4 29. Bg2+ f3 30. Bxf3+ d5 31. Qd3 Re5 32. Rd1 Rff5 33. a4 a6 34. axb5+ axb5 35. Bg2 Kb6 36. Bxd5 Rxd5 37. Qc2 Rxd1+ 38. Qxd1 Nd6 39. Qd4+ Kc6 40. Qc3+ Kd7 41. Qg7+ Rf7 42. Qg4+ Kd8 43. Qg8+ Ke7 44. Qg5+ Kd7 45. Qg4+ Kc6 46. f4 Rf5 47. Qf3+ Kb6 48. Qe3+ c5 49. Qe6 Kc6 50. Qg8 c4 51. Qa8+ Kc5 52. Qa7+ Kd5 53. Qa8+ Kd4 54. Qa7+ Ke4 55. Qxh7 Kxf4 56. h4 Nf7 57. Qg7 Ne5 58. Kg2 b4 59. Qg3+ Ke4 60. Qe1+ Kf4 61. Qxb4 Kg4 62. Qe1 Nf3 63. Qe4+ Rf4 64. Qg6+ Kxh4 65. Qg3+ Kh5 66. Qxf4 1-0

[Event "HUN-chT2 Asztalos 0809"]
[Site "Hungary"]
[Date "2009.01.11"]
[Round "5"]
[White "Biro, Tamas"]
[Black "Bocska, Janos"]
[Result "0-1"]
[WhiteElo "1898"]
[BlackElo "2119"]
[PlyCount "121"]
[EventDate "2008.10.26"]
[EventType "team-tourn"]
[EventRounds "11"]
[EventCountry "HUN"]
[SourceTitle "EXT 2010"]
[Source "ChessBase"]
[SourceDate "2010.11.25"]
[SourceVersion "1"]
[SourceVersionDate "2010.11.25"]
[SourceQuality "1"]
[WhiteTeam "Tamasi Szabadido"]
[BlackTeam "Nagyatad"]
[WhiteTeamCountry "HUN"]
[BlackTeamCountry "HUN"]

1. e4 e6 2. d4 d5 3. exd5 exd5 4. Nf3 Nf6 5. Bg5 Be7 6. Bd3 0-0 7. 0-0 Bg4 8. Be2 Re8 9. h3 Bh5 10. Nc3 c6 11. Nh2 Bg6 12. Bd3 Nbd7 13. Bxg6 fxg6 14. Qd3 Nh5 15. Bd2 Bd6 16. Rae1 Qf6 17. Ng4 Qf7 18. Nd1 Nhf6 19. Nde3 Ne4 20. c4 Nxd2 21. Qxd2 dxc4 22. d5 cxd5 23. Nxd5 Rxe1 24. Rxe1 Bc5 25. Ne7+ Bxe7 26. Qxd7 Bb4 27. Qxf7+ Kxf7 28. Re4 b5 29. Kf1 Rd8 30. Ne5+ Kg8 31. Nc6 Rd1+ 32. Ke2 Rd2+ 33. Kf3 Rxb2 34. a4 Bc5 35. axb5 Rxf2+ 36. Kg3 Rf5 37. h4 Bd6+ 38. Kh3 Rxb5 39. Rxc4 Rc5 40. Rxc5 Bxc5 41. Kg4 Kf7 42. h5 gxh5+ 43. Kxh5 Ke6 44. g4 Kd5 45. Na5 Bb4 46. Nb3 a5 47. Nxa5 Bxa5 48. Kh4 Ke4 49. Kh5 Kf4 50. Kh4 g6 51. Kh3 g5 52. Kh2 Kxg4 53. Kg2 Kh4 54. Kh2 g4 55. Kg2 g3 56. Kg1 Kh3 57. Kf1 g2+ 58. Ke2 g1Q 59. Kd3 Qg4 60. Ke3 Kg3 61. Kd3 0-1

[Event "HUN-chT2 Asztalos 0708"]
[Site "Hungary"]
[Date "2008.03.02"]
[Round "7"]
[White "Biro, Tamas"]
[Black "Raba, Rudolf"]
[Result "0-1"]
[WhiteElo "1966"]
[BlackElo "1972"]
[PlyCount "70"]
[EventDate "2007.10.14"]
[EventType "team"]
[EventRounds "11"]
[EventCountry "HUN"]
[SourceTitle "EXT 2009"]
[Source "ChessBase"]
[SourceDate "2008.11.26"]
[SourceVersion "1"]
[SourceVersionDate "2008.11.26"]
[SourceQuality "1"]
[WhiteTeam "Koppany"]
[BlackTeam "Fehervar"]
[WhiteTeamCountry "HUN"]
[BlackTeamCountry "HUN"]

1. e4 c5 2. Nf3 d6 3. d4 cxd4 4. Nxd4 Nf6 5. Nc3 a6 6. Be3 b5 7. f3 Bb7 8. Qd2 Nbd7 9. g4 g6 10. h4 h5 11. g5 Ng8 12. a3 Bg7 13. 0-0-0 Nb6 14. f4 e5 15. Nf3 exf4 16. Bxf4 Ne7 17. Rh3 Bc8 18. Rg3 Be6 19. Nd4 Bc4 20. Bg2 0-0 21. b3 Bxd4 22. Qxd4 Be6 23. Bxd6 Re8 24. Rgd3 Nd7 25. Bxe7 Qxe7 26. Nd5 Qxa3+ 27. Kd2 Bxd5 28. Qxd5 Qb4+ 29. c3 Qc5 30. Kc2 Qa3 31. b4 Ne5 32. Rg3 Nc4 33. Bh3 Qb2+ 34. Kd3 Qf2 35. Rf1 Qd2# 0-1

[Event "HUN-chT2 Asztalos 0708"]
[Site "Hungary"]
[Date "2007.12.16"]
[Round "5"]
[White "Biro, Tamas"]
[Black "Miovecz, Balint"]
[Result "0-1"]
[WhiteElo "1966"]
[BlackElo "1884"]
[PlyCount "47"]
[EventDate "2007.10.14"]
[EventType "team"]
[EventRounds "11"]
[EventCountry "HUN"]
[SourceTitle "EXT 2009"]
[Source "ChessBase"]
[SourceDate "2008.11.26"]
[SourceVersion "1"]
[SourceVersionDate "2008.11.26"]
[SourceQuality "1"]
[WhiteTeam "Koppany"]
[BlackTeam "Szenna Pack II"]
[WhiteTeamCountry "HUN"]
[BlackTeamCountry "HUN"]

1. e4 e5 2. Nc3 Nf6 3. f4 exf4 4. Nf3 Bb4 5. d3 d5 6. Bd2 Bxc3 7. Bxc3 dxe4 8. Qe2 0-0 9. Bxf6 exf3 10. Qxf3 Qxf6 11. 0-0-0 Nc6 12. g3 Nd4 13. Qf2 f3 14. c3 Ne2+ 15. Bxe2 fxe2 16. Qxe2 Qg5+ 17. Rd2 Bg4 18. Qf2 Rae8 19. Kc2 Bh3 20. Rg1 Qe3 21. Qxe3 Rxe3 22. b4 Rfe8 23. Kb3 Re2 24. Rdd1 0-1

[Event "HUN-chT2 Asztalos 0708"]
[Site "Hungary"]
[Date "2007.11.25"]
[Round "3"]
[White "Horvath, Jozsef2222"]
[Black "Biro, Tamas"]
[Result "0-1"]
[WhiteElo "2172"]
[BlackElo "1966"]
[PlyCount "96"]
[EventDate "2007.10.14"]
[EventType "team"]
[EventRounds "11"]
[EventCountry "HUN"]
[SourceTitle "EXT 2009"]
[Source "ChessBase"]
[SourceDate "2008.11.26"]
[SourceVersion "1"]
[SourceVersionDate "2008.11.26"]
[SourceQuality "1"]
[WhiteTeam "Balatonbereny"]
[BlackTeam "Koppany"]
[WhiteTeamCountry "HUN"]
[BlackTeamCountry "HUN"]

1. e4 e5 2. Nf3 Nc6 3. d4 exd4 4. Bc4 Bb4+ 5. c3 dxc3 6. Nxc3 d6 7. Qb3 Qe7 8. 0-0 Bxc3 9. bxc3 Nf6 10. Bg5 h6 11. Bh4 0-0 12. Bd3 Ne5 13. Nxe5 Qxe5 14. f4 Qc5+ 15. Kh1 Nd7 16. Rae1 Qh5 17. Bg3 Nc5 18. Qc2 Nxd3 19. Qxd3 Be6 20. f5 Bc8 21. Rf4 f6 22. Rh4 Qf7 23. Bf4 Qxa2 24. Qg3 Rf7 25. Rxh6 Kf8 26. Rh8+ Ke7 27. e5 fxe5 28. Bxe5 Rxf5 29. Bxd6+ Kd7 30. Bxc7 Kc6 31. Qd6+ Kb5 32. Rh4 b6 33. Rb4+ Ka6 34. Bxb6 Rd5 35. Qc6 Bb7 36. Ra4+ Qxa4 37. Qxa4+ Kxb6 38. Rb1+ Kc7 39. Qc4+ Bc6 40. Qf4+ Rd6 41. Kg1 Rad8 42. c4 Kc8 43. Qg4+ R8d7 44. Rb2 Rd4 45. Qe2 Re4 46. Qf2 Rd1+ 47. Qf1 Rxf1+ 48. Kxf1 Rxc4 0-1